DATA MINING FOR DUMMIES / (Record no. 586868)
[ view plain ]
| 000 -LEADER | |
|---|---|
| fixed length control field | 00319nam a22001337a 4500 |
| 020 ## - INTERNATIONAL STANDARD BOOK NUMBER | |
| Qualifying information | PH. |
| 040 ## - CATALOGING SOURCE | |
| Transcribing agency | FIZZA ISHAQ |
| 082 ## - DEWEY DECIMAL CLASSIFICATION NUMBER | |
| Classification number | 005.133 |
| Author Mark | MET |
| 100 ## - MAIN ENTRY--PERSONAL NAME | |
| Personal name | BROWN, METOS. |
| 9 (RLIN) | 85044 |
| 245 ## - TITLE STATEMENT | |
| Title | DATA MINING FOR DUMMIES / |
| Statement of responsibility, etc. | METOS BROWN. |
| 260 ## - PUBLICATION, DISTRIBUTION, ETC. | |
| Place of publication, distribution, etc. | CANADA : |
| Name of publisher, distributor, etc. | JHON WELIY SON, |
| Date of publication, distribution, etc. | 2014 |
| 300 ## - PHYSICAL DESCRIPTION | |
| Extent | 382 |
| 942 ## - ADDED ENTRY ELEMENTS (KOHA) | |
| Source of classification or shelving scheme | |
| Koha item type | Book |
| Withdrawn status | Lost status | Source of classification or shelving scheme | Damaged status | Not for loan | Permanent Location | Current Location | Date acquired | Total Checkouts | Full call number | Date last seen | Copy number | Price effective from | Koha item type |
|---|---|---|---|---|---|---|---|---|---|---|---|---|---|
| NUST Baluchistan Campus (NBC) | NUST Baluchistan Campus (NBC) | 11/24/2021 | 005.133 MET | 11/24/2021 | Q-2075 | 11/24/2021 | Book |
